000 00558nam a2200193Ia 4500
005 20250508163414.0
008 008 250505s9999 xx 000 0 eng d
037 _aTheses
040 _aFEDL
_beng
_cFEDL
041 _aeng
_2eng
084 _a420.7, JAI/TH
_qFEDL
100 _aJain Brij
_9775280
245 0 _aStudy of english language teaching in secondary schools of Gujarat state
260 _c1987
300 _avi,340p.
546 _aPh. D. Thesis, (Baroda University)
942 _cTH
_h420.7, JAI/TH
999 _c1382887
_d1382887